Waste walnut shell valorization to iron loaded biochar and its application to arsenic removal; Resource-Efficient Technologies; Vol. 3, iss. 1

Dettagli Bibliografici
Parent link:Resource-Efficient Technologies: electronic scientific journal/ National Research Tomsk Polytechnic University (TPU).— , 2015-.— 2405-6537
Vol. 3, iss. 1.— 2017.— [P. 29–36]
Altri autori: Duan X. Xinhui, Zhang C. Chengcheng, Srinivasakannan C., Wang X. Xin
Riassunto:Title screen
Iron loaded biochar (ILB) was prepared from waste walnut shell by microwave pyrolysis and its application for arsenic removal was attempted. The ILB was characterized using X-ray diffraction, scanning electron microscopy and BET Surface area analyzer. The adsorption isotherm of As (V) in ILB covering a temperature range of 25 to 45 °C, as well as the kinetics of adsorption at 25 °C were experimentally generated. The adsorption isotherms were modeled using Langmuir and Freundlich isotherm models, while the kinetics of adsorption was modeled using the pseudo-first-order, pseudo-second-order kinetic models, and intra particle diffusion model. The ILB had a surface area of 418 m2 /g with iron present in the form of hematite (Fe2O3) and magnetite (Fe3O4). The arsenic adsorption isotherm matches well with Langmuir isotherm model with a monolayer adsorption capacity of 1.91 mg/g at 25 °C. The adsorption capacity of As (V) well compares with other porous adsorbents widely reported in literature, supporting its application as a cost effective adsorbent.
Lingua:inglese
Pubblicazione: 2017
Soggetti:
Accesso online:http://earchive.tpu.ru/handle/11683/50307
Natura: Elettronico Capitolo di libro
KOHA link:https://koha.lib.tpu.ru/cgi-bin/koha/opac-detail.pl?biblionumber=572511

MARC

LEADER 00000naa2a2200000 4500
001 572511
005 20231101125448.0
035 |a (RuTPU)RU\TPU\prd\270572 
035 |a RU\TPU\prd\270571 
090 |a 572511 
100 |a 20170327a2017 k y0rusy50 ba 
101 0 |a eng 
102 |a RU 
135 |a drcn ---uucaa 
200 1 |a Waste walnut shell valorization to iron loaded biochar and its application to arsenic removal  |b Electronic resource  |f X. Duan [et al.] 
203 |a Text  |c electronic 
300 |a Title screen 
320 |a [References: p. 35-36 (23 tit.)] 
330 |a Iron loaded biochar (ILB) was prepared from waste walnut shell by microwave pyrolysis and its application for arsenic removal was attempted. The ILB was characterized using X-ray diffraction, scanning electron microscopy and BET Surface area analyzer. The adsorption isotherm of As (V) in ILB covering a temperature range of 25 to 45 °C, as well as the kinetics of adsorption at 25 °C were experimentally generated. The adsorption isotherms were modeled using Langmuir and Freundlich isotherm models, while the kinetics of adsorption was modeled using the pseudo-first-order, pseudo-second-order kinetic models, and intra particle diffusion model. The ILB had a surface area of 418 m2 /g with iron present in the form of hematite (Fe2O3) and magnetite (Fe3O4). The arsenic adsorption isotherm matches well with Langmuir isotherm model with a monolayer adsorption capacity of 1.91 mg/g at 25 °C. The adsorption capacity of As (V) well compares with other porous adsorbents widely reported in literature, supporting its application as a cost effective adsorbent. 
461 1 |0 (RuTPU)RU\TPU\prd\247369  |x 2405-6537  |t Resource-Efficient Technologies  |o electronic scientific journal  |f National Research Tomsk Polytechnic University (TPU)  |d 2015- 
463 1 |0 (RuTPU)RU\TPU\prd\270566  |t Vol. 3, iss. 1  |v [P. 29–36]  |d 2017 
610 1 |a труды учёных ТПУ 
610 1 |a электронный ресурс 
610 1 |a kinetics 
610 1 |a thermodynamics 
610 1 |a вода 
610 1 |a адсорбенты 
610 1 |a кинетика 
610 1 |a термодинамика 
701 1 |a Duan  |b X.  |g Xinhui 
701 1 |a Zhang  |b C.  |g Chengcheng 
701 1 |a Srinivasakannan  |b C. 
701 1 |a Wang  |b X.  |g Xin 
801 1 |a RU  |b 63413507  |c 20090623  |g PSBO 
801 2 |a RU  |b 63413507  |c 20180831  |g PSBO 
856 4 |u http://earchive.tpu.ru/handle/11683/50307 
942 |c BK